| 000 | 00869nam a2200217Ia 4500 | ||
|---|---|---|---|
| 003 | OSt | ||
| 005 | 20200918163005.0 | ||
| 008 | 191128s1988 ck ab gr 000 0 spa d | ||
| 040 |
_aCO-JMCR _cCO-JMCR |
||
| 041 | 0 | _aspa | |
| 082 | 0 | 4 |
_a912.861 / _bD262d1 _223 |
| 110 | 2 |
_aColombia. _bDepartamento Administrativo Nacional de Estadística, Dane _910536 |
|
| 245 | 1 | 0 |
_aDivisión político administrativa de Colombia 1988 / _cElaborado por Banco Nacional de Datos ; Departamento Administrativo Nacional de Estadística |
| 260 |
_aBogotá : _bDane, _c1988 |
||
| 300 |
_a234 páginas : _bmapas ; _c27 cm. |
||
| 505 | 0 | _aDepartamentos -- Intendencias -- Comisarías | |
| 650 | 1 | 4 |
_aDivisión político administrativa _xmunicipios _910539 |
| 650 | 1 | 4 |
_aMunicipios _xdistribución geográfica _vdepartamentos _910540 |
| 710 | 2 |
_aBanco Nacional de Datos _910541 |
|
| 942 |
_2ddc _cBK |
||
| 999 |
_c6222 _d6222 |
||